Préfectures de France : Quimper - Statistiques

Statistiques générales
  • Ce quiz a été pris 23 fois
  • Le résultat moyen est 11 sur 24
Statistiques - réponses
Question Réponse % Correct
Quel numéro porte celui-ci ? 29
100%
De quel département est-ce la préfecture ? Finistère
100%
La ville appartient au diocèse de/d' Quimper
100%
Comment se nomment ses habitants ? Quimpérois
100%
La ville appartient à l'académie de/d' Rennes
95%
Quelles sont les sous-préfectures qui en dépendent ? Brest
91%
A quelle région administrative appartient la ville depuis 2015 ? Bretagne
82%
La couleur principale de fond de son blason est le/l' bleu
64%
Quelles sont les sous-préfectures qui en dépendent ? Morlaix
59%
La ville est sur l'/le/la Odet
55%
Quelles sont les sous-préfectures qui en dépendent ? Châteaulin
50%
L'évangélisateur de la région de Quimper est (prénom) Corentin
41%
Les communes limitrophes dont le nom commence par P sont Pluguffan
32%
St Corentin, selon la légende, aurait échappé à la submersion de la ville de/d' Ys
32%
Les communes limitrophes dont le nom commence par P sont Plomelin
27%
Les communes limitrophes dont le nom commence par P sont Plogonnec
18%
Les communes limitrophes dont le nom commence par P sont Plonéis
18%
Ville irlandaise jumelée avec la ville Limerick
14%
L'animal du blason symbolise la/le Cornouaille
9%
Le blason est orné d'un animal, lequel ? Bélier
5%
Les communes limitrophes dont le nom commence par P sont Pleuven
5%
Quimper est desservi par le train depuis 1863
0%
Les Romains appellent la ville Civitas Aquilonia
0%
Le peuple gaulois qui l'occupe est celui des Osismes
0%
Aucun quiz correspondant
Distribution des résultats
% des personnes avec chaque résultat
Percentile par nombre de réponses
Votre historique - résultats
Vous n’avez pas pris ce quiz